Rethinking statehood in Palestine : self-determination and decolonization beyond partition /

"The quest for an inclusive and independent state has been at the center of the Palestinian national struggle for a very long time. This book reexamines this quest by exploring the meaning of Palestinian statehood and the challenges that face alternative models to it today. Rethinking Statehood...

Full description

Bibliographic Details
Corporate Author: JSTOR (Organization)
Other Authors: Farsakh, Leila (Editor, Contributor)
Format: eBook
Language:English
Published: Oakland, California : University of California Press, [2021]
Series:New directions in Palestinian studies ; 4.
Subjects:
Online Access:Connect to the full text of this electronic book

MARC

Tag First Indicator Second Indicator Subfields
LEADER 00000cam a2200000 i 4500
001 in00004635751
006 m o d
007 cr |n|||||||||
008 210312t20212021caub ob 001 0 eng
005 20230103223533.7
010 |a  2021012045 
035 |a (OCoLC)on1246673373 
040 |a DLC  |b eng  |e rda  |c DLC  |d OCLCO  |d GWL  |d OCLCF  |d OCLCO  |d SFB  |d OCLCO  |d YDX  |d JSTOR 
020 |a 9780520385634  |q (PDF) 
020 |a 0520385632  |q (PDF) 
020 |z 9780520385627  |q (paperback) 
035 |a (OCoLC)1246673373 
037 |a 22573/ctv2r9785k  |b JSTOR 
042 |a pcc 
050 0 0 |a KZ4282 
072 7 |a HIS  |x 019000  |2 bisacsh 
072 7 |a HIS  |x 027130  |2 bisacsh 
072 7 |a POL  |x 059000  |2 bisacsh 
082 0 0 |a 341.26095694/2  |2 23 
049 |a TXAM 
245 0 0 |a Rethinking statehood in Palestine :  |b self-determination and decolonization beyond partition /  |c edited by Leila H. Farsakh. 
264 1 |a Oakland, California :  |b University of California Press,  |c [2021] 
264 4 |c ©2021 
300 |a 1 online resource (xii, 308 pages) :  |b maps. 
336 |a text  |b txt  |2 rdacontent 
337 |a computer  |b c  |2 rdamedia 
338 |a online resource  |b cr  |2 rdacarrier 
490 1 |a New directions in Palestinian studies ;  |v 4 
504 |a Includes bibliographical references and index. 
505 0 0 |t Introduction : the struggle for self-determination and the Palestinian quest for statehood /  |r Leila Farsakh --  |t The political economy of state formation in Palestine /  |r Adam Hanieh --  |t The Gaza Strip : humanitarian crisis and lost statehood /  |r Tariq Baconi --  |t The forgotten Palestinians : East Jerusalem and the Oslo peace process /  |r Hania Assali --  |t The state, the land and the hill museum /  |r Hanan Toukan --  |t Defending Palestinian rights in the Trump era and beyond /  |r Yousef Munayyer --  |t Transitional justice in Palestine/Israel : whose justice? which transition? /  |r Nadim Khoury --  |t Alternatives to partition in Palestine : rearticulating the state-nation nexus /  |r Leila Farsakh --  |t Palestinian nationality and "Jewish" nationality : from the Lausanne Treaty to today /  |r Susan Akram --  |t Constitutional frameworks for a one state option in Palestine : an assessment /  |r Mazen Masri --  |t Between two states and one : Palestinian citizens of Israel /  |r Maha Nassar --  |t Indigeneity as resistance /  |r Ilan Pappe. --  |t Conclusion /Leila Farsakh. 
520 |a "The quest for an inclusive and independent state has been at the center of the Palestinian national struggle for a very long time. This book reexamines this quest by exploring the meaning of Palestinian statehood and the challenges that face alternative models to it today. Rethinking Statehood in Palestine gives prominence to a young set of diverse Palestinian scholars, both men and women, to show how notions of citizenship, sovereignty, and nationhood are being currently rethought within the broader context of decolonization. Bringing forth critical and multifacetted engagements with what Palestinian self-determination entails within a larger regional context, this book sets the terms of debate for the future of Palestine beyond partition"--  |c Provided by the publisher. 
588 |a Description based on online resource; title from title screen (viewed November 3, 2021). 
650 0 |a Self-determination, National  |z Palestine. 
650 0 |a Arab-Israeli conflict. 
650 6 |a Droit des peuples à disposer d'eux-mêmes  |z Palestine. 
650 6 |a Conflit israélo-arabe. 
650 7 |a History / Military.  |2 bisacsh 
650 7 |a Political Science / World / Middle Eastern.  |2 bisacsh 
650 7 |a History / Middle East / Israel & Palestine.  |2 bisacsh 
650 7 |a Arab-Israeli conflict.  |2 fast  |0 (OCoLC)fst00812220 
650 7 |a Self-determination, National.  |2 fast  |0 (OCoLC)fst01111610 
651 7 |a Middle East  |z Palestine.  |2 fast  |0 (OCoLC)fst01207534 
650 7 |a HISTORY / Middle East / Israel  |2 bisacsh 
655 7 |a Electronic books.  |2 local 
700 1 |a Farsakh, Leila,  |e editor,  |e contributor. 
710 2 |a JSTOR (Organization) 
776 0 8 |i Print version:  |t Rethinking statehood in Palestine  |d Oakland, California : University of California Press, [2021]  |z 9780520385627  |w (DLC) 2021012044 
830 0 |a New directions in Palestinian studies ;  |v 4. 
856 4 0 |u https://www.jstor.org/stable/10.2307/j.ctv2rb768k  |z Connect to the full text of this electronic book  |t 0 
955 |a JSTOR Open Access ebooks 
994 |a 92  |b TXA 
999 f f |s 5cb5a238-b39a-4e3f-b072-6088518fb5b7  |i 11f7a75d-ea1f-4117-b79f-18a9a95105d4  |t 0 
952 f f |a Texas A&M University  |b College Station  |c Electronic Resources  |d Available Online  |t 0  |e KZ4282   |h Library of Congress classification 
998 f f |a KZ4282   |t 0  |l Available Online